| 000 | 01172nam a22003497a 4500 | ||
|---|---|---|---|
| 001 | BR2011002849 | ||
| 003 | BR-BrBNA | ||
| 005 | 20230928103720.0 | ||
| 007 | ta | ||
| 008 | 230509b bl.||||| |||| 00| 0 por d | ||
| 040 |
_aBR-BrBNA _bpor _cBiblioteca Nacional de Agricultura |
||
| 041 | _a(Eng, Por) | ||
| 072 |
_aL73 _b5212 |
||
| 090 | _ 5212 BR2011002849 | ||
| 110 | 1 | _aLaboratórios Pfizer Ltda, São Paulo, SP (Brasil). Div. Sanidade Animal | |
| 111 | 1 |
_a2. Simpósio Pfizer sobre Doenças infecciosas e Vacinas para Bovinos12.Congresso Brasileiro de Reprodução Animal _d4- 8 Aug 1997 |
|
| 245 | 1 | _a2. Simpósio Pfizer sobre doenças infecciosas e vacinas para bovinos; vacinas: a solução antes do problema | |
| 260 | 3 |
_aCaxambu, MG (Brasil): _c1997. |
|
| 300 | _a80 p. | ||
| 500 | _aIncludes several bibliographies.; Summaries (Eng, Por).; 17 tables | ||
| 650 | _aIMUNOLOGIA | ||
| 650 | _aBOVINO | ||
| 650 | _aPASTEURELOSE | ||
| 650 | _aLEPTOSPIROSE | ||
| 650 | _aCAMPILOBACTERIOSE | ||
| 650 | _aVACINA | ||
| 650 | _aVACINAÇÃO | ||
| 650 | _aBRUCELOSE | ||
| 650 | _aTRICOMONOSE | ||
| 909 |
_a202309 _bLucia _c55 _dLucia Elande |
||
| 942 | _cBK | ||
| 999 |
_c76294 _d76294 |
||